000 00316 a2200157 4500
001 62414
020 _a9788566642247
040 _cAnchieta - Pituba
100 _aFreud, Clement
240 1 0 _aGrimble
_lpor
245 1 0 _aGrimble
300 _a134
362 0 _a2014
650 4 _aLiteratura juvenil
942 _cBK
999 _c62414
_d62414